|
|
|
|
| LEADER |
00000nab a2200000 a 4500 |
| 001 |
vtls000167797 |
| 003 |
SK-MaSNL |
| 005 |
20260304073302.0 |
| 008 |
250423c1983 xo 0 slo |
| 015 |
|
|
|a SNBRB19rr/mm-uuuuu
|
| 035 |
|
|
|a CL0177908
|
| 035 |
|
|
|a urn:nbn:sk:snk-abekk3
|
| 035 |
|
|
|a (urnnbn)urn:nbn:sk:snk:ar-0005t4
|
| 035 |
|
|
|a (uuid)fa6a23a3-8512-4839-8fcd-beed4e1f6ccc
|
| 040 |
|
|
|a SNKBUCL
|b slo
|c SNKBUCL
|e AACR2
|
| 041 |
0 |
|
|a slo
|
| 044 |
|
|
|a xo
|c SK
|
| 080 |
|
|
|a 82.09:830 (436)-3(048)
|2 1981
|
| 080 |
|
|
|a 830 (436)-3(048)
|2 1981
|
| 100 |
1 |
|
|a Cvrkal, Ivan,
|d 1934-
|4 aut
|9 106629
|
| 245 |
1 |
0 |
|a Helmut Zenker: Tak strieľaj! alebo Život podľa Kassbacha
|c Ivan Cvrkal
|
| 500 |
|
|
|a V rubrike Knihy, recenzie, glosy
|
| 650 |
0 |
7 |
|a rakúske prózy
|2 snkbucl
|9 1270953
|
| 655 |
|
7 |
|a recenzie
|2 snkbucl
|9 21907
|
| 655 |
|
7 |
|a články z novín a časopisov
|2 snkbucl
|9 267496
|
| 655 |
|
7 |
|a články z odboru literárna veda a krásna literatúra
|2 snkbucl
|9 770045
|
| 655 |
|
7 |
|a rakúske prózy
|2 snkbucl
|9 82438
|
| 773 |
0 |
|
|t Slovenské pohľady
|g Roč. 99, č. 12 (1983), s. 127-128
|
| 787 |
0 |
8 |
|i Rec.:
|a Zenker, Helmut
|t Tak strieľaj! alebo Život podľa Kassbacha
|d Bratislava : Pravda, 1982
|
| 850 |
|
|
|a Slovenská národná knižnica
|
| 852 |
|
|
|a Slovenská národná knižnica
|
| 954 |
|
|
|a odborná, vedecká literatúra pôvodná (slovenská)
|2 lita
|
| 958 |
|
|
|a article27
|
| 958 |
|
|
|a RK
|
| 958 |
|
|
|a LX
|
| 958 |
|
|
|a OND
|
| 958 |
|
|
|a EUIPO
|
| 992 |
|
|
|a RBX
|
| 999 |
|
|
|c 2770721
|d 2772651
|